Normal view
MARC view
- القدس- تاريخ- الاحتلال الاسرائيلسي- 1948
Entry Topical Term
001 - CONTROL NUMBER
- control field: 34540
003 - CONTROL NUMBER IDENTIFIER
- control field: JO-AjAnu
005 - DATE AND TIME OF LATEST TRANSACTION
- control field: 20230606075802.0
008 - FIXED-LENGTH DATA ELEMENTS
- fixed length control field: 230606|| aca||aabn | a|a d
040 ## - CATALOGING SOURCE
- Original cataloging agency: JO-AjAnu
- Transcribing agency: JO-AjAnu
150 ## - HEADING--TOPICAL TERM
- Topical term or geographic name entry element: القدس- تاريخ- الاحتلال الاسرائيلسي- 1948
670 ## - SOURCE DATA FOUND
- Source citation: Work cat.: (JO-AjAnu)17741: تاليف مصطفى، عبد التواب, author 34539, نقض شريعة الهيكل وكيف تعود القدس